IFM Opac

Business Mathematics (Record no. 22190)

MARC details
000 -LEADER
fixed length control field 00346nam a22001457a 4500
020 ## - INTERNATIONAL STANDARD BOOK NUMBER
ISBN 978-81-8054-538-2
082 ## - DEWEY DECIMAL CLASSIFICATION NUMBER
Classification number 650.01513
100 ## - MAIN ENTRY--AUTHOR NAME
Personal name Sancheti, D. C.
245 ## - TITLE STATEMENT
Title Business Mathematics
250 ## - EDITION STATEMENT
Edition statement 11th
260 ## - PUBLICATION, DISTRIBUTION, ETC. (IMPRINT)
Place of publication New Delhi:
Name of publisher Sultan Chand & Sons
Year of publication 2011
300 ## - PHYSICAL DESCRIPTION
Number of Pages iv, 854p.: ill.; 22cm
700 ## - ADDED ENTRY--PERSONAL NAME
Personal name Kapoor, V. K.
942 ## - ADDED ENTRY ELEMENTS (KOHA)
Koha item type Books
Holdings
Withdrawn status Lost status Damaged status Not for loan Collection code Permanent Location Current Location Shelving location Date acquired Source of acquisition Full call number Accession Number Price effective from Koha item type
        Non-fiction IFM Main Campus Library IFM Main Campus Library Work Room processing 01/20/2026 Purchased 650.01513 SAN 0000030476 01/20/2026 Books
        Non-fiction IFM Main Campus Library IFM Main Campus Library Work Room processing 01/20/2026 Purchased 650.01513 SAN 0000030475 01/20/2026 Books
        Non-fiction IFM Main Campus Library IFM Main Campus Library Work Room processing 01/20/2026 Purchased 650.01513 SAN 0000030474 01/20/2026 Books